000 00358cam a2200145ua 4500
041 _ahin
_h
082 _a891.54
_bPAN/RE
100 _aPandy bachan , Sharma .
245 _aReshmi /
_cPandy bachan sharma.
_hTextual Documents
260 _aKucknow :
_bGanga pustakalay ,
_c1965.
300 _a116 ; .
504 _a
942 _cBK
999 _c11935
_d11935